Score 0/20 Timer 04:00
0 Plays Today
Book Title Missing Word % Correct
____ of the FliesLord
96.1%
2001: A _____ OdysseySpace
95.5%
______ FarmAnimal
95.4%
The _____ of the BaskervillesHound
95.1%
A _________ OrangeClockwork
93.6%
The Lord of the _____Rings
90%
Tinker, Tailor, Soldier, ___Spy
89.6%
A _______ to IndiaPassage
83.7%
Don't ____ NowLook
78.4%
The Thirty-Nine _____Steps
76.2%
Book Title Missing Word % Correct
Harry Potter and the Philosopher's _____Stone
74.7%
_________ DownWatership
72.9%
_____ and MirrorsSmoke
72.7%
The _____ of Miss Jean BrodiePrime
62.5%
The Wings of the ____Dove
60.1%
Decline and ____Fall
59.8%
The ______ of the SunEmpire
46%
The Children of ___Men
37.7%
The Inimitable ______Jeeves
37.6%
The Body in the ______Library
36.2%

Today's Daily Dose

You're not logged in!

Compare scores with friends on all Sporcle quizzes.
OR
Log In

Sporcle TV

Today on Sporcle TV


Watch our educational content, quiz creation guides, and fun videos on Sporcle TV.

Show Comments

Extras

Top Quizzes Today


Score Distribution

Paid Content

Your Account Isn't Verified!

In order to create a playlist on Sporcle, you need to verify the email address you used during registration. Go to your Sporcle Settings to finish the process.

Report this User

Report this user for behavior that violates our Community Guidelines.

Details: